000 00851nam a22002537a 4500
005 20140825145008.0
010 _aENG-110675
020 _a9789339204952
_c1295.00
020 _a9339204956
_c1295.00
035 _aEN-94207
037 _bDBAD/PUB
082 _a629.13435
100 _aWild, Thomas W.
245 _aAircraft powerplants /
_cby Thomas W. Wild [and] Michael J. Kroes
250 _a8th ed
260 _aNew Delhi
_bMcGraw Hill Education
_c2014
270 _aP-24, Green Park Extn.
_bNew Delhi
_e110016
300 _axiii,749p. :
_c28cm(pbk)
_bill.
500 _aRevision of: Aircraft powerplants / Michael J. Kroes, Thomas W. Wild. -- 7th ed. -- New York, N.Y. : Glencoe, 1995.
500 _aIncludes index
650 _aAirplanes
_xMotors.
700 _aKroes, Michael J.
942 _2ddc
_cEN
_mWIL
_h629.13435
999 _c87933
_d87933